000 01659nam0a2200421 4500
001 RU\NLR\BIBL_A\012479643
005 20210331113411.0
010 _a978-5-907351-81-3
_9300
021 _aRU
_bКН-П-20-071921
_9КН-П-20-5412
035 _a(NLR Aleph) 012479643
035 _a(RuMoRGB)010482808
090 _a12123882
_c12123882
100 _a20210319d2021 u y0rusy50 ca
101 0 _arus
102 _aRU
105 _aach|z|||000zy
181 0 _ai
_baxxe
182 0 _an
200 1 _aПланета Афон
_iПредтеча
_e[путевые заметки пилигрима]
_fМигель Severo
_g[иллюстрации: художник А.М. Асманов]
203 _aТекст
_bвизуальный
_cнепосредственный
205 _a[Изд. 2-е, перераб. и доп.]
210 _aМосква
_cРодина
_d2021 [т.е. 2020]
215 _a685, [1] с., [4] л. цв. ил., портр.
_cил., портр., факс.
_d21
225 1 _aСерия книг "Планета Афон"
_v5-я книга серии
300 _aФактическая дата выхода в свет - 2020
320 _aБиблиогр.: с. 683-686
517 1 _aПредтеча
606 1 _aПаломничество на Афон
_2nlr_sh1
_2nlr_sh2
_3RU\NLR\AUTH\661367681
686 2 _aЭ372.14-576
686 2 _aШ6(2=Р)8-464.3
700 1 _aSevero
_bМ.
_gМигель
702 1 _aАсманов
_bА. М.
_4040
942 _cBOOK
980 _aNB